| 000 | 00981nam a2200277 a 4500 | ||
|---|---|---|---|
| 001 | 000045174 | ||
| 003 | OSt | ||
| 005 | 20240412074304.0 | ||
| 007 | ta | ||
| 008 | 150206s2014 dr r 000 d spa d | ||
| 020 | _a9789945404968 | ||
| 040 |
_aDO-SdBNP _bspa _cBNPHU |
||
| 041 | _hspa | ||
| 082 | 7 | 4 |
_aRD862.5 _bO96p _222 |
| 100 | 1 |
_aOvalle, Elizabeth _973181 |
|
| 245 | 1 | 0 |
_aPiezas por hora / _cElizabeth Ovalle. |
| 260 |
_aSanto Domingo : _bMinisterio de Cultura, _c2014. |
||
| 300 |
_a310 p. ; _c24 cm. |
||
| 500 | _aIncluye datos biográficos de la autora en las solapas | ||
| 505 | 0 |
_tPor hora -- _tLa locura de Eva -- _tPor hora y a piece-work -- _tAlerta roja -- _tContigo no -- _tLatinos -- _tVivencias campesinas -- _tPinchos y rolos -- _tLa reina del technicolor -- _tAl filo del final |
|
| 590 | _aInventariado, 2019/BT | ||
| 650 | 0 |
_aTeatro dominicano _9637 |
|
| 650 | 0 |
_aLiteratura dominicana. _967 |
|
| 910 | _aValidado. Control de calidad. MFF | ||
| 942 |
_2ddc _cLBS1 |
||
| 999 |
_c44663 _d44663 |
||